Flagi państw nieuznawanych na arenie międzynarodowej - Statystyki

Ogólne statystyki
  • Ten quiz został rozwiązany 1 118 razy
  • Średni wynik to 7 z 14
Statystyki odpowiedzi
Obrazkowy Odpowiedź % Poprawnych
Kosowo
95%
Tajwan
91%
Palestyna
86%
Cypr Północny
69%
Naddniestrze
68%
Abchazja
61%
Sahara Zachodnia
55%
Tybet
55%
Osetia Południowa
48%
Somaliland
48%
Doniecka Republika Ludowa
24%
Ługańska Republika Ludowa
23%
Gagauzja
11%
Herceg-Bośnia
8%
Nie znaleziono quizów pasujących do podanych kryteriów
Rozkład punktacji
Procent ludzi z każdym wynikiem
Percentyl według liczby udzielonych odpowiedzi
Twoja historia wyników
Nie rozwiązałeś tego quizu